000 02032nam0a22003371 4500
001 v19\rc\1995245
005 20260406095944.0
035 _a(NLR Aleph) 005089273
090 _a7279404
_c7279404
100 _a20251228 rusy50
101 1 _arus
_carm
102 _aRU
105 _ay z |||c|
200 1 _aНахичевань и нахичеванцы
_e(К очеркам: "Город Нахичевань и нахичеванцы")
_aСовременное положение нахичеванцев (в 1903 г.) и их домашний быт
_eИз книги Е. Шах-Азиса: "Нахичевань на Дону и нахичеванцы"
_fПер. [с арм.] В.А. Канский
210 _aРостов-на-Дону
_cтип. Ф.А. Закройцева
_d1914
215 _a10 с.
_d28
309 _aБез тит. л. и обл.
311 _aОтт. из 2 т. "Зап. Рост. н/Д о-ва истории, древностей и природы"; продолж. [напеч.] в 3 т. "Записок"
488 0 _12001#$aЗаписки Ростовского-на-Дону общества истории, древностей и природы$vТ. 2
_tЗаписки Ростовского-на-Дону общества истории, древностей и природы
488 0 _12001#$aНахичевань-на-Дону и нахичеванцы
_1700#1$3RU\NLR\AUTH\770288396$aШахазиз$bЕ. А.$f1856-1951$gЕрванд Акимович
_tНахичевань-на-Дону и нахичеванцы
_aШахазиз, Ерванд Акимович (1856-1951)
700 1 _7ca
_8rus
_aШахазиз
_bЕ. А.
_f1856-1951
_gЕрванд Акимович
_92692144
_3RU\NLR\AUTH\770288396
702 1 _aКапский
_bВ. А.
_4730
801 0 _aRU
_bNLR
_gpsbo
801 0 _aRU
_bRuMoRGB
_2psbo
801 1 _aRU
_bProSoft-M
_2rusmarc
852 _aNLR
_j37.56.3.17
899 _aRuMoRGB
_jS 85/68
899 _aБАН
942 _cBOOK
980 _aNB